[Event "Malaga Region-ch"]
[Site "Malaga"]
[Date "2013.02.02"]
[Round "8"]
[White "Martinez Gonzalez, Francisco"]
[Black "Sanchez Antunez, Antonio Alejandro"]
[Result "1-0"]
[WhiteElo "1879"]
[BlackElo "1926"]
[PlyCount "45"]
[EventDate "2013.01.12"]
[EventType "swiss"]
[EventRounds "9"]
[EventCountry "ESP"]
[SourceTitle "CBM 152 Extra"]
[Source "ChessBase"]
[SourceDate "2013.02.25"]
[SourceVersion "1"]
[SourceVersionDate "2013.02.25"]
[SourceQuality "1"]

1. d4 Nf6 2. Nf3 g6 3. c4 c5 4. Nc3 cxd4 5. Nxd4 Bg7 6. e4 Nc6 7. Be3 Qa5 8. Nb3 Qd8 9. Be2 0-0 10. 0-0 d6 11. f3 b6 12. Nd4 Ne5 13. Rc1 Bb7 14. Qd2 Rc8 15. b3 Qd7 16. Rfd1 Rfd8 17. Ndb5 Nc6 18. Qe1 Ne8 19. f4 Ba8 20. Bf3 Qe6 21. Nd5 f5 22. exf5 gxf5 23. Nxb6 1-0

[Event "Malaga Region-ch"]
[Site "Malaga"]
[Date "2013.01.26"]
[Round "6"]
[White "Martinez Gonzalez, Francisco"]
[Black "Marquez Bernal, Florencio"]
[Result "1-0"]
[WhiteElo "1879"]
[BlackElo "1924"]
[PlyCount "73"]
[EventDate "2013.01.12"]
[EventType "swiss"]
[EventRounds "9"]
[EventCountry "ESP"]
[SourceTitle "CBM 152 Extra"]
[Source "ChessBase"]
[SourceDate "2013.02.25"]
[SourceVersion "1"]
[SourceVersionDate "2013.02.25"]
[SourceQuality "1"]

1. e4 c5 2. Nf3 Nc6 3. c4 g6 4. d4 cxd4 5. Nxd4 Nf6 6. Nc3 d6 7. Be2 Nxd4 8. Qxd4 Bg7 9. Be3 0-0 10. Qd2 a5 11. 0-0 a4 12. a3 Be6 13. f3 Nd7 14. Rab1 Ne5 15. Nd5 Nd7 16. Nf4 Qa5 17. Rfd1 Nc5 18. Qb4 Qxb4 19. axb4 Na6 20. Nxe6 fxe6 21. c5 Rfd8 22. Bc4 Kf7 23. f4 Nxb4 24. f5 d5 25. fxe6+ Kxe6 26. exd5+ Kd7 27. Bf4 Ke8 28. d6 exd6 29. Bxd6 Nc6 30. Rf1 Rd7 31. Rbe1+ Kd8 32. Be6 Re7 33. Bxe7+ Nxe7 34. Rd1+ Ke8 35. Bd7+ Kd8 36. Rf7 Bxb2 37. Bb5+ 1-0

[Event "Gibraltar Masters 9th"]
[Site "Caleta"]
[Date "2011.01.25"]
[Round "1"]
[White "Martinez Gonzalez, Francisco"]
[Black "Sreeves, Clement"]
[Result "1/2-1/2"]
[WhiteElo "1870"]
[BlackElo "2093"]
[PlyCount "60"]
[EventDate "2011.01.25"]
[EventType "swiss"]
[EventRounds "10"]
[EventCountry "GGB"]
[SourceTitle "CBM 141"]
[Source "ChessBase"]
[SourceDate "2011.03.17"]
[SourceVersion "1"]
[SourceVersionDate "2011.03.17"]
[SourceQuality "1"]

1. d4 Nf6 2. Nf3 g6 3. c4 Bg7 4. Nc3 0-0 5. e4 d6 6. Be2 e5 7. 0-0 Nc6 8. d5 Ne7 9. Ne1 Nd7 10. f3 f5 11. g4 Kh8 12. h4 Ng8 13. Ng2 Bh6 14. Bxh6 Nxh6 15. g5 Ng8 16. exf5 Rxf5 17. Bd3 Rf8 18. f4 exf4 19. Nxf4 Ne5 20. Bc2 Ne7 21. Qd4 c5 22. Qf2 Nf5 23. Bxf5 Bxf5 24. Qg3 Nxc4 25. Rae1 Ne5 26. Ne4 c4 27. Nf6 Qb6+ 28. Kh1 Qxb2 29. Ne6 Rf7 30. Rf2 c3 1/2-1/2

[Event "Cantabria-ch"]
[Site "Cantabria"]
[Date "2009.03.14"]
[Round "1"]
[White "Martinez Gonzalez, Francisco"]
[Black "Nunez Arango, Roberto"]
[Result "1-0"]
[WhiteElo "1688"]
[BlackElo "1626"]
[PlyCount "69"]
[EventDate "2009.03.14"]
[EventType "swiss"]
[EventRounds "7"]
[EventCountry "ESP"]
[SourceTitle "EXT 2024"]
[Source "ChessBase"]
[SourceDate "2023.10.10"]
[SourceVersion "1"]
[SourceVersionDate "2023.10.10"]
[SourceQuality "1"]

1. e4 e5 2. Nf3 Nc6 3. Bc4 Bc5 4. 0-0 Nf6 5. Re1 0-0 6. c3 Nxe4 7. d4 exd4 8. cxd4 Bb6 9. Rxe4 d5 10. Bxd5 Qxd5 11. Nc3 Qc4 12. d5 Qc5 13. Be3 Qd6 14. dxc6 Qxc6 15. Bxb6 axb6 16. Qd5 Qf6 17. Qg5 Qc6 18. Rae1 Be6 19. Nd4 Ra5 20. Qxa5 Qxe4 21. Rxe4 bxa5 22. Nxe6 fxe6 23. Rxe6 Kf7 24. Re5 b6 25. Rf5+ Ke8 26. Rxf8+ Kxf8 27. Nd5 b5 28. Nxc7 b4 29. Ne6+ Kf7 30. Nd4 a4 31. Nc2 a3 32. bxa3 bxa3 33. Nxa3 Ke6 34. Nb5 Kd5 35. f4 1-0

[Event "ESP-ch U16"]
[Site "Padron"]
[Date "2008.07.22"]
[Round "5"]
[White "Bautista Mendez, Jose Antonio"]
[Black "Martinez Gonzalez, Francisco"]
[Result "1-0"]
[WhiteElo "1908"]
[BlackElo "1721"]
[PlyCount "53"]
[EventDate "2008.07.20"]
[EventType "swiss"]
[EventRounds "9"]
[EventCountry "ESP"]
[SourceTitle "EXT 2010"]
[Source "ChessBase"]
[SourceDate "2010.11.25"]
[SourceVersion "1"]
[SourceVersionDate "2010.11.25"]
[SourceQuality "1"]

1. d4 d5 2. c4 e6 3. Nc3 c5 4. Nf3 cxd4 5. Nxd4 Nf6 6. Bg5 dxc4 7. e3 Be7 8. Bxc4 a6 9. 0-0 b5 10. Be2 Bb7 11. Bf3 Qb6 12. Qe2 0-0 13. Rfd1 Nc6 14. Nxc6 Bxc6 15. Rac1 Rac8 16. Ne4 Bxe4 17. Bxe4 Nxe4 18. Bxe7 Rfe8 19. Rxc8 Rxc8 20. Qd3 Nc5 21. Qd4 Na4 22. Qd7 Ra8 23. Rc1 h6 24. b3 Nb2 25. Rc8+ Rxc8 26. Qxc8+ Kh7 27. Qc2+ 1-0